| 000 | 00643nam a2200229Ia 4500 | ||
|---|---|---|---|
| 003 | OSt | ||
| 005 | 20220928145340.0 | ||
| 006 | a|||||r|||| 00| 0 | ||
| 007 | ta | ||
| 008 | 220927b |||||||| |||| 00| 0 eng d | ||
| 024 | _a80394 | ||
| 037 | _cTextual | ||
| 040 |
_aSDCL _cSDCL _beng |
||
| 041 |
_2eng _aeng |
||
| 082 | _aX:8:(S:44), L6 | ||
| 100 |
_aBehling Orlando _9512771 |
||
| 245 | 0 |
_aOrganizational behaviour _b Theory research , and applications. |
|
| 260 | _c1976 | ||
| 700 |
_a Schrieshim Chester _9512772 |
||
| 942 |
_hX:8:(S:44), L6 _cTEXL _2CC |
||
| 999 |
_c833426 _d833426 |
||